000 00454nam a2200181Ia 4500
001 22672
005 20260414150846.0
008 260414t2013||||xx |||||||||||||| ||spa||
041 _aESP
082 _a621.384
_bJ67
100 _aJohnson, Eric E.
_eAUT
245 0 _aThird-generation and wideband HF radio communications
_b
260 _c2013
300 _ax, 250 páginas :
_c26 cm.
650 _aTCA
654 _aCET
942 _cLIB
_dJUS
_fJUS
_2ddc
_n
999 _c22672
_d22672